Harita ile Tarihteki İberya Ülkeleri - Statistics

General Stats
  • This quiz has been taken 315 times
  • The average score is 12 of 31
Answers on the Map
Answers color-coded by a green-red scale on the quiz's map according to % correct below.
 
Answer Stats
Yıl Yıllar Ülke % Correct
Şimdi 1978–şimdi İspanya
98%
Şimdi 1910–şimdi Portekiz
96%
1400 1139–1910 {Portekiz} Krallığı
96%
750 481–843 {Frank} Krallığı
81%
Şimdi 1278–şimdi Andorra
80%
1400 1278–şimdi Andorra
80%
Şimdi 1958–şimdi Fransa
80%
1000 987–1498 {Fransa} Krallığı
80%
1400 1498–1792 {Fransa} Krallığı
80%
Şimdi 1967–şimdi Cebelitarık (BK)
67%
1000 929–1031 {Endülüs} {Emevî} Devleti
62%
418 395–476 {Batı} {Roma} İmparatorluğu
57%
750 661–750 {Emevî}ler
50%
1400 1162–1716 {Aragon} Tacı
35%
1400 602–1453 {Gaskonya} Dükalığı
31%
1000 931–1065 {Kastilya} Krallığı
30%
1400 1230–1715 {Kastilya} Tacı
30%
1400 1230–1492 {Gırnata} Emirliği
28%
1000 824–1841 {Navarra} Krallığı
17%
1400 824–1841 {Navarra} Krallığı
17%
418 418–721 {Vizigot} Krallığı
17%
1000 910–1230 {León} Krallığı
14%
1000 801–1162 {Barcelona} İlçesi
9%
750 722–924 {Asturias} Krallığı
3%
100 27 MÖ–395 Hispania {Baetica}
1%
100 27 MÖ–395 Hispania {Tarraconensis}
1%
100 27 MÖ–395 Lusitania
1%
1000 872–1598 {Ribagorza} İlçesi
1%
100 27 MÖ–395 Aquitania
0%
100 120 MÖ–395 Gallia {Narbonensis}
0%
418 409–585 {Suevi} Krallığı
0%
No matching quizzes found
Score Distribution
Percent of People with Each Score
Percentile by Number Answered
Your Score History
You have not taken this quiz